The medical writings of Anonymus Londinensis, (Record no. 37951)

MARC details
000 -LEADER
fixed length control field 01076cam a22003131 4500
001 - CONTROL NUMBER
control field med47000065
003 - CONTROL NUMBER IDENTIFIER
control field DLC
005 - DATE AND TIME OF LATEST TRANSACTION
control field 20260227111557.0
008 - FIXED-LENGTH DATA ELEMENTS--GENERAL INFORMATION
fixed length control field 750904s1947 enk b 000 0 eng
010 ## - LIBRARY OF CONGRESS CONTROL NUMBER
LC control number med47000065
035 ## - SYSTEM CONTROL NUMBER
System control number (OCoLC)1598634
040 ## - CATALOGING SOURCE
Original cataloging agency DLC
Transcribing agency FMU
Modifying agency OCoLC
-- DCHS
-- WU-M
-- DLC
041 1# - LANGUAGE CODE
Language code of text/sound track or separate title eng
-- grc
Language code of original grc
042 ## - AUTHENTICATION CODE
Authentication code premarc
050 00 - LIBRARY OF CONGRESS CALL NUMBER
Classification number R126
Item number .A5 1947
082 ## - DEWEY DECIMAL CLASSIFICATION NUMBER
Classification number 610
100 0# - MAIN ENTRY--PERSONAL NAME
Personal name Anonymus Londinensis.
240 10 - UNIFORM TITLE
Uniform title De medicina.
Language of a work English & Greek
245 14 - TITLE STATEMENT
Title The medical writings of Anonymus Londinensis,
Statement of responsibility, etc. by W.H.S. Jones.
260 ## - PUBLICATION, DISTRIBUTION, ETC.
Place of publication, distribution, etc. Cambridge [Eng.]
Name of publisher, distributor, etc. University Press,
Date of publication, distribution, etc. 1947.
300 ## - PHYSICAL DESCRIPTION
Extent viii, 168 p.
Dimensions 22 cm.
440 #0 - SERIES STATEMENT/ADDED ENTRY--TITLE
Title Cambridge classical studies
546 ## - LANGUAGE NOTE
Language note Greek and English on opposite pages.
500 ## - GENERAL NOTE
General note "The text of the editio princeps, published ... by Herman Diels in 1803, has been reprinted with only a few changes."
504 ## - BIBLIOGRAPHY, ETC. NOTE
Bibliography, etc. note Bibliography: p. 21.
650 #0 - SUBJECT ADDED ENTRY--TOPICAL TERM
Topical term or geographic name entry element Medicine, Greek and Roman.
700 1# - ADDED ENTRY--PERSONAL NAME
Personal name Jones, W. H. S.
Fuller form of name (William Henry Samuel),
Dates associated with a name 1876-1963.
700 1# - ADDED ENTRY--PERSONAL NAME
Personal name Diels, Hermann,
Dates associated with a name 1848-1922.

No items available.

Powered by Koha